000 01775cam a22004934i 4500
003 PE-LiUPU
005 20250731173457.0
008 150616s r 000 0 d
020 _a0300026552
035 _a(Sirsi) i9780300026559
040 _aPE-LiUPU
_bspa
_cPE-LiUPU
_erda
049 _aPRUA
082 0 4 _a200.937
_bM12
_221
100 1 _aMacMullen, Ramsay,
_eautor.
245 1 0 _aPaganism in The Roman Empire /
_cRamsay MacMullen.
264 1 _aWestford, Massachusetts :
_bYale University Press,
_c1981.
300 _a241 páginas :
_bIlus ;
_c23 centímetros
336 _atext
_2rdacontent
337 _aunmediated
_2rdamedia
338 _avolume
_2rdacarrier
504 _aIncluye bibliografía.
505 0 _aFinding order in chaos -- Attracting crowds -- Display and accommodations at temples -- Needs and answers -- The vitality of paganism -- How the divine world was envisioned -- Conversion -- The dynamic cults crowds cults.
526 _aSEG42
526 _aSEG41
526 _aSEG40
526 _aSEG39
526 _aP94
526 _aP87
526 _aP86
526 _aP85
526 _aP77
526 _aP76
526 _aP35
650 0 4 _aPaganismo.
650 0 4 _aCristianismo y otras religiones
_zRoma.
651 _aRoma
_xReligión.
910 _ajck
_bjvq
_cjck
942 _2ddc
_cBOOK
949 _a200.937 M12
_wDEWEY
_c1
_i40035
_lCCODEBUL1
_mBUL
_r0
_sY
_tBOOK
_u2015-6-16
_xTEOLOGIA
_zUNKNOWN
_0COMPRA
_o.STAFF. Colección General
994 _aC0
_bPEPRU
596 _a1
999 _a200.937 M12
_wDEWEY
_c57815
_i40035
_f2021-11-9
_g5
_lCCODEBUL1
_mBUL
_r0
_sY
_tBOOK
_u2015-6-16
_xTEOLOGIA
_zUNKNOWN
_0COMPRA
_o.STAFF. Colección General
_d57815
980 _81
_gALBERTO SANCHEZ Responsable de Automatización